Samsunspor Squad 2023-2024 - Statistics

General Stats
  • This quiz has been taken 44 times
    38 since last reset
  • The average score is 16 of 38
Answer Stats
# Position Nation Player % Correct
1 GK Turkey Okan Kocuk
96%
4 DF Netherlands Rick van Drongelen
92%
11 FW Turkey Emre Kılınç
84%
21 FW Denmark Carlo Holse
80%
18 DF Turkey Zeki Yavru
76%
10 MF Cameroon Olivier Ntcham
72%
16 DF England Marc Bola
68%
98 FW Albania Arbnor Muja
64%
6 MF Morocco Youssef Aït Bennasser
64%
14 FW Belgium Landry Dimata
60%
13 MF France Flavien Tait
56%
37 DF Slovakia Ľubomír Šatka
56%
8 MF Turkey Soner Aydoğdu
56%
22 DF Turkey Yunus Emre Çift
56%
99 FW Austria Ercan Kara
52%
9 FW Chad Marius Mouandilmadji
52%
27 FW DR Congo Gaëtan Laura
48%
28 DF Turkey Soner Gönül
40%
17 FW Ghana Kingsley Schindler
36%
- Coach Germany Markus Gisdol
36%
7 FW Ivory Coast Moryké Fofana
36%
20 MF Turkey Muhammet Ali Özbaskıcı
36%
19 DF Guinea-Bissau Nanu
36%
96 DF Turkey Bedirhan Çetin
32%
45 GK Turkey Halil Yeral
28%
29 GK Poland Jakub Szumski
28%
5 DF Turkey Alim Öztürk
24%
36 FW Belgium Benito Raman
24%
48 MF Turkey Taylan Antalyalı
24%
72 DF Turkey Mustafa Tan
20%
25 GK Turkey Muammer Yıldırım
16%
23 MF Turkey Muhammed Gümüşkaya
16%
88 MF Turkey Osman Çelik
16%
64 GK Turkey Taha Tosun
16%
- Coach Turkey Hüseyin Eroğlu
12%
53 FW Turkey Berhan Deniz
8%
77 DF Turkey Enes Albak
8%
24 DF Turkey Mickaël Tırpan
4%
No matching quizzes found
Score Distribution
Percent of People with Each Score
Percentile by Number Answered
Your Score History
You have not taken this quiz since the last reset